000 01849nam a2200445 c 4500
003 BLK
005 20241211141634.0
008 180408b bul|||||r ||||||| ||bul||
010 _aKNG00054706000
040 _aBLK
041 _aBUL
_cBUL
080 _aНемска литература
_b821.112.2
_x-94
_z821.112.2-94
080 _aДруги видове песни. Изпълнители
_b784.7.071.2
_x(73)(092)
_z784.7.071.2(73)(092)
080 _a
_b929 Пресли, Елвис
_x
_z929 Пресли, Елвис
100 1 _aТилгнер, Волфганг
_eпърви автор
_9128778
700 1 _aБирчева, Елена
_eпрев. от нем.
_9269432
700 1 _aХристозов, Владимир
_eпредг. от
_9283472
139 _aТилгнер, Волфганг
_bП 86
245 1 0 _aЕлвис Пресли
_bБиогр.
_cВолфганг Тилгнер; прев. от нем. Елена Бирчева; предг. от Владимир Христозов.
257 _aDEU
260 София
_bМузика
_c1989
300 _a239 с., 16 л.
_bил.
_c21 см
380 _aX
500 _aОриг. загл. Elvis Presley / Wolfgang Tilgner. - Дискогр. с. 217-224 ; Библиогр. с. 225-230
504 _a225-230
600 1 4 _aПресли, Елвис
_9257154
650 0 _aРокмузика, американска
_9283473
650 4 _aРокмузика - изпълнители
_9283474
653 _aрокендрол
653 _aрокмузика
653 _aрокизпълнители
653 _aЕлвис Пресли
653 _aбиографии
852 _aЦб 158601
856 4 _qpdf
_u
856 4 _qpdf
_u
942 _cKNG
_n0
_03
944 _aCR
_c13.07.2005
_k30560
_lГеновева Генчева
944 _aED
_c14.10.2011
_k
999 _c50824
_d50824